| 000 | 00753nam a2200217Ii 4500 | ||
|---|---|---|---|
| 003 | JO-AjNU | ||
| 008 | 230605s9999||||xx |||||||||||||| ||und|| | ||
| 017 | _a2009/8/3624 | ||
| 040 |
_aJO-AjNU _bara _erda _cJO-AjNU |
||
| 041 | _aara | ||
| 050 | 1 | 4 | _aBP144.Q32.2009 |
| 100 | 3 |
_aالقضاة، احمد مصطفى , _eauthor _962177 |
|
| 245 | 0 | 0 | _aاحكام الثمار في الفقه الاسلامي |
| 250 | _aالطبعة الاولى | ||
| 264 | 3 | 1 | _aعمان: المؤلف، 2009 |
| 300 |
_a87ص _b ويحتوي على قائمة مراجع من ص81-ص87 |
||
| 336 |
_atext _btxt _2rdacontent |
||
| 337 |
_aunmediated _bn _2rdamedia |
||
| 338 |
_avolume _bnc _2rdacarrier |
||
| 650 | 4 |
_aالفقه الاسلامي-المزارعة _962178 |
|
| 999 |
_aA28143 _c31711 _d31711 |
||